| 000 | 00000nam##2200000za#4500 |
| 001 | 9.691666 |
| 003 | CaOODSP |
| 005 | 20210624232852 |
| 007 | cr ||||||||||| |
| 008 | 150407|2009||||xxc|||||o f|0| 0 eng|d |
| 020 | |a978-1-100-11458-3 |
| 040 | |aCaOODSP|beng |
| 043 | |an-cn--- |
| 086 | 1 |aHP5-61/2009E-PDF |
| 110 | 2 |aPublic Health Agency of Canada. |
| 245 | 14|aThe Public Health Agency of Canada : |h[electronic resource]|bhealthy Canadians - a healthier world |
| 260 | |aOttawa - Ontario : |bPublic Health Agency of Canada |cc2009. |
| 300 | |a10p.|bphotographs |
| 590 | |a15-05-Supp|b2015-03-31 |
| 690 | 07|aHealth promotion|2gcpds |
| 775 | 08|tAgence de la santé publique du Canada : |w(CaOODSP)9.635981 |
| 776 | 0#|tThe Public Health Agency of Canada : |w(CaOODSP)9.670787 |
| 776 | 0#|tAgence de la santé publique du Canada : |w(CaOODSP)9.670788 |
| 856 | 40|ahttp://publications.gc.ca|qPDF|s1.85 Mo|uhttps://publications.gc.ca/collections/collection_2009/aspc-phac/HP5-61-2009E.pdf |